| 000 | 01575nam a22002297a 4500 | ||
|---|---|---|---|
| 003 | OSt | ||
| 005 | 20210326133411.0 | ||
| 008 | 210326t1981 ck ||||gr|||| 00| 0 spa d | ||
| 020 | _a9589149146 | ||
| 040 |
_aCO-JMCR _cCO-JMCR |
||
| 041 | 0 | _aspa | |
| 082 | 0 | 4 |
_a248.4 / _bT868v _221 |
| 100 | 1 |
_aTrumbull, Carlos G., _eautor _936586 |
|
| 245 | 1 | 0 |
_aVictoria en Cristo / _cCarlos G. Trumbull |
| 260 |
_aBogotá : _bCentros de Literatura Cristiana, _c©1981 |
||
| 300 |
_a110 páginas : _c18 cm. |
||
| 505 | 0 | _a¿Qué tipo de cristianismo vive usted? -- La vida que triunfa -- Victoria real o falsificada -- ¿Se gana o se regala la victoria? -- Victoria sin esfuerzo -- ES - El secreto de la victoria -- Peligros de la vida victoriosa | |
| 520 | 3 | _a¿Cómo lograr la victoria dejando que otro la obtenga por usted? En este ensayo sumamente lleno de practicidad, el Sr. Trumbull revela una impresionante y tremenda penetración en la amplia realidad de la victoria que tenemos en Cristo. El eleva al Señor Jesucristo, apuntando a El como el Victorioso quien la logrado, por medio del poder de su vida divina y su obra consumada en la cruz, un maravilloso lugar de libertad y poder para el creyente. En lenguaje claro y preciso, es descrita al lector la vida que vence sin intentarlo y el secreto de esa victoria. Además, el volumen termina comentando y apuntando -uno por uno- los peligros del saberse victorioso. ¿CUAL ES EL SECRETO DE LA VIDA VICTORIOSA? | |
| 650 | 1 | 4 |
_2Vida cristiana _xEnseñanza bíblica _936587 |
| 650 | 2 | 4 | _2Literatura cristiana |
| 942 |
_2ddc _cBK |
||
| 999 |
_c15506 _d15506 |
||